[Event "III. CLANSKA LIGA ZAHOD 2017"]
[Site "Komenda"]
[Date "2017.11.11"]
[Round "1.1"]
[White "Jeran, Bostjan"]
[Black "Sivic, Klemen"]
[Result "1-0"]
[WhiteElo "2214"]
[BlackElo "2058"]
[PlyCount "127"]
[EventDate "2017.11.11"]
[WhiteTeam "SK LJUBLJANA DUOL"]
[BlackTeam "SK TRZIN"]

1. Nf3 d5 2. c4 d4 3. g3 c5 4. Bg2 Nc6 5. O-O Nf6 6. d3 e5 7. e3 Be7 8. exd4
exd4 9. Re1 O-O 10. Na3 Bd6 11. Nc2 a5 12. b3 Bf5 13. Nh4 Be6 14. a3 Qd7 15.
Rb1 Rfe8 16. Bb2 Bf8 17. Qd2 h6 18. f4 Bh3 19. Bf3 Bg4 20. Bh1 Bh3 21. Rxe8
Rxe8 22. Re1 b6 23. Rxe8 Qxe8 24. Bf3 Bg4 25. Qg2 Bxf3 26. Qxf3 Ne7 27. Bc1 Qc6
28. Kf2 Qxf3+ 29. Kxf3 g6 30. Bd2 Nc6 31. h3 h5 32. Ke2 Bd6 33. Nf3 Nh7 34. Be1
f5 35. Kd1 Kf7 36. Kc1 Ke6 37. Kb2 Kd7 38. b4 axb4 39. axb4 Nf8 40. Kb3 Ne6 41.
Bd2 Kc7 42. Nh4 cxb4 43. Nxb4 Nxb4 44. Bxb4 Bxb4 45. Kxb4 Nc5 46. Nxg6 Nxd3+
47. Kb3 Kd6 48. Nh4 Nc5+ 49. Kb4 Ke6 50. Nf3 d3 51. Kc3 Kd6 52. Nd2 Ne6 53.
Kxd3 h4 54. gxh4 Nxf4+ 55. Ke3 Nh5 56. Kd4 Nf4 57. Nf3 Nh5 58. Ne5 Nf4 59. Nd3
Nxh3 60. Ke3 Ke6 61. Nf4+ Nxf4 62. Kxf4 Kf6 63. h5 Ke6 64. Kg5 1-0

[Event "III. CLANSKA LIGA ZAHOD 2017"]
[Site "Komenda"]
[Date "2017.11.11"]
[Round "1.2"]
[White "Rojs, Igor"]
[Black "Persl, Bojan"]
[Result "0-1"]
[WhiteElo "1998"]
[BlackElo "2062"]
[PlyCount "156"]
[EventDate "2017.11.11"]
[WhiteTeam "SK TRZIN"]
[BlackTeam "SK LJUBLJANA DUOL"]

1. d4 Nf6 2. Nf3 e6 3. e3 d5 4. Bd3 Nbd7 5. Nbd2 c5 6. c3 Be7 7. O-O O-O 8. Ne5
Nxe5 9. dxe5 Nd7 10. f4 f5 11. Qh5 g6 12. Qh6 Rf7 13. Nf3 Bf8 14. Qh3 h6 15. g4
Nb6 16. b3 Bd7 17. Bb2 Rc8 18. Rad1 Qe8 19. Rd2 Bc6 20. Rg2 Rg7 21. Kf2 d4 22.
cxd4 Bd5 23. dxc5 Rxc5 24. gxf5 gxf5 25. Rfg1 Rcc7 26. Qxh6 Qc6 27. Nd4 Rxg2+
28. Rxg2+ Bxg2 29. Qg5+ Rg7 30. Qxg7+ Kxg7 31. Nxc6 Bxc6 32. Bd4 Bd5 33. Bb5
Bc6 34. Bd3 Kf7 35. Be2 Be7 36. Ke1 Ke8 37. Kd2 Bh4 38. a4 Nc8 39. a5 a6 40.
Bc4 Kd7 41. Be2 Ne7 42. Kd3 Be4+ 43. Kd2 Kc6 44. b4 Nd5 45. Bc4 Be7 46. Bxd5+
Kxd5 47. Kc3 Bh4 48. Kd2 Bf3 49. Bc5 Kc4 50. Bd6 Kd5 51. Bc5 Ke4 52. Bd6 Bh5
53. Bf8 Bf2 54. Bc5 Be8 55. Ke2 Bh4 56. Bd6 Bb5+ 57. Kd2 Kf3 58. Bc5 Bc6 59.
Bf8 Kg2 60. Kc3 Kxh2 61. Kd2 Kg2 62. Bd6 Kf1 63. Bc5 Bb5 64. Kc3 Be1+ 65. Kd4
Bc6 66. Kd3 Kg2 67. Ke2 Bh4 68. Bd6 Bb5+ 69. Kd2 Kf3 70. Bc5 Ke4 71. Bd6 Kd5
72. Bc5 Bd8 73. Kc3 Bf1 74. Bd4 Be7 75. Bb6 Kc6 76. Kd4 Bxb4 77. e4 Bh3 78.
exf5 Bxf5 0-1

[Event "III. CLANSKA LIGA ZAHOD 2017"]
[Site "Komenda"]
[Date "2017.11.11"]
[Round "1.3"]
[White "Solmajer, Luka"]
[Black "Rijavec, Stane"]
[Result "1/2-1/2"]
[WhiteElo "1997"]
[BlackElo "1881"]
[PlyCount "83"]
[EventDate "2017.11.11"]
[WhiteTeam "SK LJUBLJANA DUOL"]
[BlackTeam "SK TRZIN"]

1. d4 d5 2. Nf3 Nf6 3. e3 e6 4. Bd3 Bd6 5. O-O Nbd7 6. Nbd2 O-O 7. c4 c5 8. b3
e5 9. cxd5 cxd4 10. exd4 exd4 11. Nc4 Bb8 12. Ba3 Re8 13. Nxd4 Ne5 14. d6 a6
15. Nf5 Nxc4 16. bxc4 Qa5 17. Ne7+ Rxe7 18. dxe7 Qxa3 19. Bf5 Bd6 20. Bxc8 Rxc8
21. Re1 Bxe7 22. Rb1 Bc5 23. Rxb7 Qxa2 24. Re2 Qxc4 25. Rc2 Qe4 26. Rb3 h6 27.
h3 Nd5 28. g3 Rc7 29. Rb8+ Kh7 30. Re2 Qd4 31. Qxd4 Bxd4 32. Rd2 Ba7 33. Rd8
Nf6 34. Ra2 Ne4 35. Kg2 Bxf2 36. Kf3 f5 37. g4 Rc3+ 38. Kf4 Nf6 39. Rxf2 fxg4
40. hxg4 Rc4+ 41. Kf3 Nxg4 42. Ra2 1/2-1/2

[Event "III. CLANSKA LIGA ZAHOD 2017"]
[Site "Komenda"]
[Date "2017.11.11"]
[Round "1.4"]
[White "Leben, Dusan"]
[Black "Trussevich, Simon"]
[Result "1-0"]
[WhiteElo "1858"]
[BlackElo "1734"]
[PlyCount "99"]
[EventDate "2017.11.11"]
[WhiteTeam "SK TRZIN"]
[BlackTeam "SK LJUBLJANA DUOL"]

1. e4 c5 2. Nf3 d6 3. d4 cxd4 4. Nxd4 Nf6 5. Nc3 e6 6. Be3 Be7 7. Qd2 O-O 8. f3
a6 9. O-O-O b5 10. a3 Qc7 11. g4 Nc6 12. Nxc6 Qxc6 13. h4 Rb8 14. Na2 Nd7 15.
g5 Ne5 16. Be2 Nc4 17. Bxc4 Qxc4 18. Kb1 Bb7 19. h5 d5 20. g6 Rbd8 21. h6 fxg6
22. hxg7 Rf7 23. Rxh7 Rxg7 24. Rxg7+ Kxg7 25. Rh1 dxe4 26. Qh2 Qd5 27. Qh6+ Kf7
28. Nc3 Qe5 29. Qh7+ Qg7 30. Qh2 exf3 31. Qc7 Bd5 32. Bg5 Re8 33. Qd7 Bc6 34.
Qxc6 Bxg5 35. Qxf3+ Kg8 36. Qc6 Qe7 37. Rg1 Rf8 38. Qg2 Bh6 39. Qxg6+ Bg7 40.
Ne4 Qf7 41. Qg4 Ra8 42. Ng5 Qf6 43. Qxe6+ Qxe6 44. Nxe6 Kf7 45. Nxg7 Rg8 46.
Rf1+ Kxg7 47. Rg1+ Kf7 48. Rxg8 Kxg8 49. Ka2 Kf7 50. a4 1-0

[Event "III. CLANSKA LIGA ZAHOD 2017"]
[Site "Komenda"]
[Date "2017.11.11"]
[Round "1.5"]
[White "Pecnik, Primoz"]
[Black "Bajec, Borut"]
[Result "0-1"]
[WhiteElo "1838"]
[BlackElo "1805"]
[PlyCount "98"]
[EventDate "2017.11.11"]
[WhiteTeam "SK LJUBLJANA DUOL"]
[BlackTeam "SK TRZIN"]

1. e4 c5 2. Nf3 Nc6 3. d4 cxd4 4. Nxd4 d6 5. Nc3 Nf6 6. Bc4 e6 7. O-O Be7 8.
Kh1 O-O 9. Bb3 Bd7 10. f4 Nxd4 11. Qxd4 Bc6 12. f5 e5 13. Qd3 Kh8 14. Bg5 Ng4
15. Bxe7 Qxe7 16. h3 Nf6 17. Rad1 Rad8 18. Bd5 Rd7 19. g4 h6 20. Qe3 Rc8 21.
Qxa7 Bxd5 22. exd5 Nxg4 23. hxg4 Qh4+ 24. Kg2 Rc4 25. Qe3 Rxg4+ 26. Kf3 Rg3+
27. Ke2 Rxe3+ 28. Kxe3 f6 29. Ne4 Qh3+ 30. Rf3 Qg2 31. Rf2 Qg4 32. Rdd2 Qg1 33.
c3 b5 34. Kf3 Qh1+ 35. Ke3 Qh3+ 36. Rf3 Qh5 37. Rg2 Qe8 38. Rh3 Qa8 39. Rhg3
Qxd5 40. Rg6 Qxa2 41. Nxf6 Qa7+ 42. Kd3 gxf6 43. Rxh6+ Rh7 44. Rxf6 Qa8 45.
Rfg6 Rh3+ 46. Kc2 Qe4+ 47. Kd2 Rd3+ 48. Kc1 Qe1+ 49. Kc2 Qd1# 0-1

[Event "III. CLANSKA LIGA ZAHOD 2017"]
[Site "Komenda"]
[Date "2017.11.11"]
[Round "1.6"]
[White "Krupenko, Peter"]
[Black "Selih, Mario Carlos"]
[Result "1-0"]
[WhiteElo "1631"]
[BlackElo "1736"]
[PlyCount "81"]
[EventDate "2017.11.11"]
[WhiteTeam "SK TRZIN"]
[BlackTeam "SK LJUBLJANA DUOL"]

1. c4 c5 2. Nf3 g6 3. Nc3 Bg7 4. g3 Nc6 5. Bg2 a6 6. O-O e6 7. e3 Nge7 8. d4
cxd4 9. exd4 d5 10. cxd5 Nxd5 11. Nxd5 Qxd5 12. Ne5 Qd6 13. Bf4 Nxe5 14. dxe5
Qxd1 15. Rfxd1 h6 16. h4 Ke7 17. Rac1 Rd8 18. Rc7+ Rd7 19. Rdxd7+ Bxd7 20. Bxb7
Ra7 21. Be3 Rxb7 22. Rxb7 Bxe5 23. Bxh6 Kd6 24. Bf4 Bxf4 25. gxf4 a5 26. Kh2 a4
27. b3 axb3 28. axb3 Kc6 29. Rxd7 Kxd7 30. Kg3 f5 31. h5 gxh5 32. Kh4 Kc6 33.
Kxh5 Kc5 34. Kg5 Kd4 35. b4 Kc4 36. Kf6 Kxb4 37. Kxe6 Kc5 38. Kxf5 Kd6 39. Kf6
Kd7 40. Kf7 Kd6 41. f5 1-0

[Event "III. CLANSKA LIGA ZAHOD 2017"]
[Site "Komenda"]
[Date "2017.11.11"]
[Round "1.1"]
[White "Anakiev, Dimitar"]
[Black "Debevec, Blaz"]
[Result "0-1"]
[WhiteElo "1999"]
[BlackElo "2196"]
[PlyCount "64"]
[EventDate "2017.11.11"]
[WhiteTeam "SD RADOVLJICA"]
[BlackTeam "SK KOMENDA"]

1. Nf3 d6 2. d4 g6 3. e3 Bg7 4. Be2 Nf6 5. O-O O-O 6. c4 Nbd7 7. Nc3 c6 8. b4
a5 9. b5 c5 10. Bb2 cxd4 11. exd4 b6 12. Re1 Bb7 13. Bf1 Re8 14. Rc1 Rc8 15.
Ba3 d5 16. Ne5 dxc4 17. Nxc4 Nd5 18. Ne4 N7f6 19. Ng5 Bh6 20. Nxf7 Kxf7 21.
Ne5+ Kg8 22. Rc6 Bxc6 23. bxc6 Nb4 24. Bxb4 axb4 25. Qd3 Qd5 26. Nxg6 e6 27.
Qa6 Qxc6 28. Bb5 Ra8 29. Bxc6 Rxa6 30. Bxe8 Nxe8 31. Rxe6 Kf7 32. d5 Rxa2 0-1

[Event "III. CLANSKA LIGA ZAHOD 2017"]
[Site "Komenda"]
[Date "2017.11.11"]
[Round "1.2"]
[White "Kragelj, Igor"]
[Black "Buha, Drago"]
[Result "1-0"]
[WhiteElo "2161"]
[BlackElo "1958"]
[PlyCount "79"]
[EventDate "2017.11.11"]
[WhiteTeam "SK KOMENDA"]
[BlackTeam "SD RADOVLJICA"]

1. d4 d5 2. c4 c6 3. Nf3 Nf6 4. Nc3 Bg4 5. Ne5 Bf5 6. cxd5 cxd5 7. e4 Bxe4 8.
Nxe4 dxe4 9. Qb3 e6 10. Qxb7 Nbd7 11. Nc6 Qc8 12. Ba6 Nb6 13. Qxc8+ Rxc8 14.
Bxc8 Nxc8 15. Bd2 Bd6 16. O-O O-O 17. Rfe1 a6 18. Bg5 Nd5 19. Rxe4 Ncb6 20. Rc1
h6 21. Bd2 Nd7 22. g3 Re8 23. Re2 Kf8 24. Be1 e5 25. dxe5 Bxe5 26. Nxe5 Nxe5
27. Kf1 f6 28. Rd1 Ne7 29. Bb4 N5c6 30. Bxe7+ Nxe7 31. Rde1 a5 32. b3 h5 33. h4
Kf7 34. a3 g6 35. b4 axb4 36. axb4 g5 37. b5 Kf8 38. b6 gxh4 39. gxh4 f5 40. b7
1-0

[Event "III. CLANSKA LIGA ZAHOD 2017"]
[Site "Komenda"]
[Date "2017.11.11"]
[Round "1.3"]
[White "Kocevar, Tugomir"]
[Black "Subelj, Jan"]
[Result "0-1"]
[WhiteElo "1876"]
[BlackElo "2070"]
[PlyCount "42"]
[EventDate "2017.11.11"]
[WhiteTeam "SD RADOVLJICA"]
[BlackTeam "SK KOMENDA"]

1. e4 e5 2. f4 exf4 3. Bc4 Nf6 4. Nc3 d6 5. Nf3 Nc6 6. O-O Ne5 7. Bb3 Bg4 8. d4
Nxf3+ 9. gxf3 Bh3 10. Rf2 Nh5 11. Qd3 Qg5+ 12. Kh1 Qh4 13. Nd1 O-O-O 14. Bxf7
Be7 15. Bxh5 Qxh5 16. Bxf4 Bh4 17. Qe3 Rhf8 18. Rg2 g5 19. Rxg5 Bxg5 20. Bxg5
Rxf3 21. Bxd8 Rf1+ 0-1

[Event "III. CLANSKA LIGA ZAHOD 2017"]
[Site "Komenda"]
[Date "2017.11.11"]
[Round "1.4"]
[White "Lucovnik, Tilen"]
[Black "Krivec, Metod"]
[Result "1-0"]
[WhiteElo "2081"]
[BlackElo "1755"]
[PlyCount "61"]
[EventDate "2017.11.11"]
[WhiteTeam "SK KOMENDA"]
[BlackTeam "SD RADOVLJICA"]

1. e4 e6 2. d3 d5 3. Nd2 c5 4. Ngf3 Nc6 5. g3 Nf6 6. Bg2 Be7 7. O-O O-O 8. Re1
Bd7 9. e5 Ne8 10. Nf1 f5 11. exf6 Bxf6 12. c3 Qb6 13. Qc2 Nc7 14. Bf4 Rae8 15.
Bh3 Nd8 16. Ne3 Nf7 17. Ng4 Re7 18. Nfe5 Bc8 19. Re2 Rfe8 20. Rae1 Rf8 21. Nxf7
Rfxf7 22. Nxf6+ gxf6 23. Bxc7 Qxc7 24. Bxe6 Rxe6 25. Rxe6 Bxe6 26. Rxe6 Qd7 27.
Qe2 Kg7 28. Re8 Qc7 29. Qg4+ Kh6 30. Rg8 Qe5 31. Qh4+ 1-0

[Event "III. CLANSKA LIGA ZAHOD 2017"]
[Site "Komenda"]
[Date "2017.11.11"]
[Round "1.5"]
[White "Torkar, Boris"]
[Black "Marn, Jan"]
[Result "1-0"]
[WhiteElo "1812"]
[BlackElo "2054"]
[PlyCount "77"]
[EventDate "2017.11.11"]
[WhiteTeam "SD RADOVLJICA"]
[BlackTeam "SK KOMENDA"]

1. d4 d5 2. c4 e6 3. Nc3 Be7 4. Nf3 Nf6 5. Bf4 O-O 6. e3 b6 7. Be2 Bb7 8. O-O
Nbd7 9. Nb5 a6 10. Bxc7 Qc8 11. Bd6 axb5 12. Bxe7 bxc4 13. Bxf8 Qxf8 14. Qc2 b5
15. a3 Ne4 16. Nd2 Nxd2 17. Qxd2 Ra4 18. Bf3 Qa8 19. Bd1 Ra6 20. Bc2 Nb8 21. f3
Nc6 22. Rac1 e5 23. dxe5 Nxe5 24. Rcd1 Rh6 25. e4 Qa7+ 26. Qd4 Qb8 27. h3 Rh4
28. Qf2 g5 29. exd5 Bc8 30. Qg3 f6 31. d6 Qb6+ 32. Kh1 Rf4 33. Rfe1 Bxh3 34.
Rxe5 Bxg2+ 35. Kxg2 fxe5 36. Qxg5+ Kf7 37. Qe7+ Kg8 38. Bxh7+ Kh8 39. Qxe5+ 1-0

[Event "III. CLANSKA LIGA ZAHOD 2017"]
[Site "Komenda"]
[Date "2017.11.11"]
[Round "1.6"]
[White "Leonardi, Caterina"]
[Black "Pretnar, Bostjan"]
[Result "1-0"]
[WhiteElo "2007"]
[BlackElo "1752"]
[PlyCount "55"]
[EventDate "2017.11.11"]
[WhiteTeam "SK KOMENDA"]
[BlackTeam "SD RADOVLJICA"]

1. Nf3 Nf6 2. g3 c5 3. Bg2 Nc6 4. d4 d5 5. O-O e6 6. c3 Be7 7. Nbd2 O-O 8. Ne5
Nxe5 9. dxe5 Ng4 10. Nf3 Qc7 11. Bf4 g5 12. Nxg5 Bxg5 13. Bxg5 Qxe5 14. Be7 Re8
15. Bxc5 b6 16. Qa4 bxc5 17. Qxe8+ Kg7 18. Qc6 Rb8 19. Bf3 Nf6 20. Qxc5 Bd7 21.
Rfb1 h5 22. Qxa7 Rh8 23. Qd4 Qg5 24. h4 Qf5 25. Qd3 Qh3 26. Qe3 Rh6 27. Bg2 Qf5
28. Qg5+ 1-0

[Event "III. CLANSKA LIGA ZAHOD 2017"]
[Site "Komenda"]
[Date "2017.11.11"]
[Round "1.1"]
[White "Rodman, Franc"]
[Black "Luzar, Emil"]
[Result "1/2-1/2"]
[WhiteElo "2062"]
[BlackElo "2141"]
[PlyCount "94"]
[EventDate "2017.11.11"]
[WhiteTeam "SD SIJ ACRONI JESENICE"]
[BlackTeam "SK DOLENJSKE TOPLICE"]

1. d4 Nf6 2. Nf3 g6 3. c4 Bg7 4. g3 O-O 5. Bg2 d6 6. O-O c6 7. Nc3 Bf5 8. Re1
Ne4 9. Nxe4 Bxe4 10. Be3 Nd7 11. Qd2 Re8 12. Rac1 d5 13. Nh4 Bxg2 14. Kxg2 dxc4
15. Rxc4 Nb6 16. Rc5 Nc4 17. Qc1 Nxe3+ 18. fxe3 e5 19. dxe5 Bxe5 20. Nf3 Bg7
21. Rd1 Qb6 22. b3 Re7 23. Rd3 Rd8 24. Kf2 Bh6 25. Re5 Rxd3 26. exd3 Rxe5 27.
Nxe5 Qa5 28. Qb2 Bg7 29. d4 Bxe5 30. dxe5 Qd5 31. Qd4 Qe6 32. Qxa7 Qf5+ 33. Ke2
Qc2+ 34. Kf3 Qxh2 35. Qxb7 Qh5+ 36. Ke4 Qh1+ 37. Kf4 h6 38. e6 g5+ 39. Kg4 Qe4+
40. Kh3 Qxe6+ 41. Kh2 h5 42. a4 h4 43. gxh4 gxh4 44. Qb8+ Kg7 45. Qf4 Qxb3 46.
Qg5+ Kf8 47. Qd8+ Kg7 1/2-1/2

[Event "III. CLANSKA LIGA ZAHOD 2017"]
[Site "Komenda"]
[Date "2017.11.11"]
[Round "1.2"]
[White "Pucelj, Joze"]
[Black "Jeraj, Zlatko"]
[Result "1-0"]
[WhiteElo "2092"]
[BlackElo "2027"]
[PlyCount "63"]
[EventDate "2017.11.11"]
[WhiteTeam "SK DOLENJSKE TOPLICE"]
[BlackTeam "SD SIJ ACRONI JESENICE"]

1. e4 e5 2. Nf3 Nc6 3. Bb5 a6 4. Ba4 Nf6 5. O-O b5 6. Bb3 Be7 7. Re1 d6 8. c3
Bg4 9. h3 Bh5 10. d3 O-O 11. Nbd2 Na5 12. Bc2 c5 13. Nf1 Qc7 14. Ng3 Bxf3 15.
Qxf3 g6 16. Bg5 Kg7 17. Qe3 Ng8 18. Bxe7 Qxe7 19. f4 Nc6 20. Rf1 f6 21. f5 Qf7
22. Bb3 c4 23. dxc4 bxc4 24. Ba4 Qa7 25. Qxa7+ Nxa7 26. Rad1 Rfd8 27. Rd2 Rab8
28. Rfd1 Rb6 29. fxg6 hxg6 30. Nf1 Ne7 31. Ne3 Rc8 32. Rxd6 1-0

[Event "III. CLANSKA LIGA ZAHOD 2017"]
[Site "Komenda"]
[Date "2017.11.11"]
[Round "1.3"]
[White "Pazlar, Marko"]
[Black "Muhic, Jure"]
[Result "1-0"]
[WhiteElo "2069"]
[BlackElo "1867"]
[PlyCount "153"]
[EventDate "2017.11.11"]
[WhiteTeam "SD SIJ ACRONI JESENICE"]
[BlackTeam "SK DOLENJSKE TOPLICE"]

1. Nf3 Nf6 2. g3 g6 3. Bg2 Bg7 4. d4 O-O 5. O-O d5 6. c4 c6 7. Nc3 b6 8. Ne5
Bb7 9. e4 Nxe4 10. Nxe4 dxe4 11. Bxe4 f6 12. Nf3 Nd7 13. Re1 e5 14. dxe5 Nxe5
15. Nxe5 fxe5 16. Be3 Qe7 17. Qc2 c5 18. Rad1 Rad8 19. Kg2 Bf6 20. f3 Rxd1 21.
Rxd1 Bxe4 22. Qxe4 Rd8 23. Rd5 Rxd5 24. Qxd5+ Qf7 25. Qxf7+ Kxf7 26. b3 Ke6 27.
g4 Bd8 28. Kf2 Bc7 29. h3 Bd8 30. Ke2 Bc7 31. Kd3 Bd6 32. Ke4 Bc7 33. Bg5 Bd6
34. Bd8 Bb8 35. a4 Kd7 36. Bg5 Ke6 37. Bd2 Bc7 38. Bc3 Bb8 39. a5 Bc7 40. a6
Bd6 41. Be1 Bc7 42. Bh4 Kd6 43. Bf6 Ke6 44. Bg5 Bd6 45. Bd8 Bb8 46. Bg5 Bc7 47.
Bd2 Bd6 48. Bc3 Bc7 49. b4 cxb4 50. Bxb4 Bd6 51. Bd2 Bc5 52. Bh6 Bd6 53. h4 Be7
54. Bg7 Bd6 55. h5 gxh5 56. gxh5 Bc7 57. Bf8 Bd8 58. c5 Bc7 59. cxb6 Bxb6 60.
Bh6 Bc5 61. Bg7 Bd6 62. Bh6 Bc5 63. Bg5 Bb6 64. Bh4 Bc5 65. Bd8 Bf2 66. Bc7 Kd7
67. Bxe5 Kc6 68. Bd4 Bh4 69. Bxa7 Kb5 70. Be3 Kxa6 71. Kf5 Kb7 72. Bg5 Be1 73.
Bf6 Kc8 74. Ke6 Bd2 75. Be5 Kd8 76. Kf7 Kd7 77. f4 1-0

[Event "III. CLANSKA LIGA ZAHOD 2017"]
[Site "Komenda"]
[Date "2017.11.11"]
[Round "1.4"]
[White "Janko, Roman"]
[Black "Pavlin, Ivan"]
[Result "0-1"]
[WhiteElo "1895"]
[BlackElo "1833"]
[PlyCount "104"]
[EventDate "2017.11.11"]
[WhiteTeam "SK DOLENJSKE TOPLICE"]
[BlackTeam "SD SIJ ACRONI JESENICE"]

1. e4 c5 2. Nc3 e6 3. Bc4 a6 4. a4 Nc6 5. d3 Nf6 6. Bg5 Be7 7. Nf3 d6 8. O-O
O-O 9. Qd2 Qc7 10. h3 Rd8 11. Rfe1 Bd7 12. Ba2 Rac8 13. Nd1 Nd4 14. Nh2 Bxa4
15. Bxe6 Nxe6 16. Bxf6 Bxf6 17. Rxa4 Bg5 18. Ne3 Qc6 19. Rea1 Nd4 20. Nhf1 Qd7
21. Qd1 g6 22. Nd5 Qe6 23. c3 Nc6 24. f4 Bh6 25. Nfe3 Ne7 26. Nxe7+ Qxe7 27.
Qf3 Bg7 28. Rf1 f6 29. Nd5 Qf7 30. f5 g5 31. c4 Rb8 32. b3 Bf8 33. h4 Bh6 34.
g3 Kh8 35. h5 g4 36. Qxg4 Rg8 37. Qf3 Rg5 38. Kf2 Rbg8 39. Nf4 Rxg3 40. Ng6+
R8xg6 41. fxg6 Rxf3+ 42. Kxf3 hxg6 43. hxg6 Qxg6 44. Ra2 Qh5+ 45. Kg3 Qg5+ 46.
Kh2 Qh4+ 47. Kg2 Qg4+ 48. Kf2 Bg5 49. Rh1+ Kg7 50. Re2 Bh4+ 51. Ke3 Qg5+ 52.
Kf3 Qg3# 0-1

[Event "III. CLANSKA LIGA ZAHOD 2017"]
[Site "Komenda"]
[Date "2017.11.11"]
[Round "1.5"]
[White "Ravnik, Franc"]
[Black "Gorse, Damjan"]
[Result "1-0"]
[WhiteElo "1886"]
[BlackElo "1781"]
[PlyCount "125"]
[EventDate "2017.11.11"]
[WhiteTeam "SD SIJ ACRONI JESENICE"]
[BlackTeam "SK DOLENJSKE TOPLICE"]

1. e4 e5 2. Nf3 Nc6 3. Bb5 a6 4. Ba4 b5 5. Bb3 Bc5 6. O-O Nf6 7. c3 O-O 8. d4
exd4 9. cxd4 Be7 10. e5 Ne8 11. d5 Na5 12. Bc2 d6 13. Qd3 g6 14. Qc3 Nc4 15. a4
Nxe5 16. axb5 Bb7 17. bxa6 Rxa6 18. Rxa6 Bxa6 19. Re1 Bf6 20. Qa3 Bb7 21. Be4
Bg7 22. Nd4 Nf6 23. Bg5 h6 24. Bxf6 Qxf6 25. Nc3 Nc4 26. Qb3 Qxd4 27. Qxb7 Nxb2
28. Qxb2 Qxc3 29. Qb1 Re8 30. Rd1 Qe5 31. Bf3 Qb2 32. Qd3 Ra8 33. g3 Ra2 34.
Qe3 Kh7 35. Kg2 Qb6 36. Kg1 Qxe3 37. fxe3 Bc3 38. e4 Kg7 39. Rf1 Bd4+ 40. Kh1
Kf8 41. Rd1 Bb6 42. Rf1 Ke7 43. Bg2 Rc2 44. Re1 Bd4 45. Rf1 Rd2 46. Re1 Rc2 47.
Rf1 Bf2 48. Bf3 Bb6 49. Bg2 Bd4 50. Bf3 Be5 51. Bg2 h5 52. Rd1 f6 53. Rf1 g5
54. Re1 Kf7 55. Rf1 Kg6 56. Re1 h4 57. gxh4 gxh4 58. h3 Bg3 59. Rf1 Bf2 60. Bf3
Kg5 61. Bg4 Kf4 62. Bf5 Kg3 63. Bg4 1-0

[Event "III. CLANSKA LIGA ZAHOD 2017"]
[Site "Komenda"]
[Date "2017.11.11"]
[Round "1.6"]
[White "Kregulj, Andrej"]
[Black "Halilov, Esad"]
[Result "1-0"]
[WhiteElo "1680"]
[BlackElo "1854"]
[PlyCount "63"]
[EventDate "2017.11.11"]
[WhiteTeam "SK DOLENJSKE TOPLICE"]
[BlackTeam "SD SIJ ACRONI JESENICE"]

1. d4 Nf6 2. Bf4 e6 3. Nf3 d6 4. Nc3 g6 5. e4 Bg7 6. Qd2 O-O 7. Bg5 Re8 8. Bb5
Bd7 9. e5 Bxb5 10. exf6 Bxf6 11. Nxb5 a6 12. Bxf6 Qxf6 13. Nxc7 Nc6 14. Nxa8
Rxa8 15. O-O Qg7 16. h3 h6 17. a3 Ne7 18. c4 g5 19. Qb4 g4 20. Qxb7 Re8 21.
hxg4 Qxg4 22. Qd7 Kf8 23. Qxd6 h5 24. Rfe1 h4 25. Ne5 Qg5 26. Re3 Kg8 27. Qd7
Rf8 28. Rd1 Kh7 29. Nf3 Qf6 30. Nxh4 Kh8 31. Rf3 Qg5 32. Rxf7 1-0

[Event "III. CLANSKA LIGA ZAHOD 2017"]
[Site "Komenda"]
[Date "2017.11.11"]
[Round "2.1"]
[White "Debevec, Blaz"]
[Black "Rodman, Franc"]
[Result "1/2-1/2"]
[WhiteElo "2196"]
[BlackElo "2062"]
[PlyCount "72"]
[EventDate "2017.11.11"]
[WhiteTeam "SK KOMENDA"]
[BlackTeam "SD SIJ ACRONI JESENICE"]

1. e4 e5 2. Nf3 Nc6 3. Bb5 Nf6 4. O-O Bc5 5. c3 O-O 6. d4 Bb6 7. Re1 d6 8. h3
Ne7 9. Nbd2 c6 10. Ba4 Ng6 11. Nc4 Bc7 12. Bc2 Re8 13. a4 h6 14. b3 Nh7 15. Ne3
Ng5 16. Nf5 Nxf3+ 17. Qxf3 Nh4 18. Qg4 Nxf5 19. exf5 Qf6 20. Qh5 Bd7 21. Be3 e4
22. f3 Bxf5 23. fxe4 Bxe4 24. Rf1 Qg6 25. Qxg6 fxg6 26. Bxe4 Rxe4 27. Bf2 d5
28. Rfe1 Rae8 29. Rxe4 Rxe4 30. Kf1 Kf7 31. Re1 Rxe1+ 32. Bxe1 Bf4 33. Ke2 Ke6
34. Kf3 Bc1 35. g4 h5 36. Ke2 Bf4 1/2-1/2

[Event "III. CLANSKA LIGA ZAHOD 2017"]
[Site "Komenda"]
[Date "2017.11.11"]
[Round "2.2"]
[White "Jeraj, Zlatko"]
[Black "Kragelj, Igor"]
[Result "1/2-1/2"]
[WhiteElo "2027"]
[BlackElo "2161"]
[PlyCount "77"]
[EventDate "2017.11.11"]
[WhiteTeam "SD SIJ ACRONI JESENICE"]
[BlackTeam "SK KOMENDA"]

1. d4 Nf6 2. c4 e6 3. Nf3 b6 4. Nc3 Bb7 5. Bg5 h6 6. Bd2 c5 7. e3 Be7 8. Bd3
cxd4 9. exd4 O-O 10. O-O d5 11. b3 Nc6 12. cxd5 Nxd5 13. Nxd5 Qxd5 14. Be3 Rfd8
15. Bc4 Qd6 16. Qe2 Bf6 17. Rad1 Ne7 18. Bc1 Nf5 19. Bb2 Qf4 20. h3 Bxf3 21.
Qxf3 Qxf3 22. gxf3 Bxd4 23. Bxd4 Rxd4 24. Rxd4 Nxd4 25. Kg2 Kf8 26. Rd1 Rd8 27.
f4 Ke7 28. Rd2 Rd6 29. Ba6 Kd7 30. Bf1 b5 31. Rb2 a6 32. a4 Kc7 33. axb5 axb5
34. Ra2 Kb7 35. Rd2 Nf5 36. Ra2 Nd4 37. Rd2 Nf5 38. Ra2 Nd4 39. Rd2 1/2-1/2

[Event "III. CLANSKA LIGA ZAHOD 2017"]
[Site "Komenda"]
[Date "2017.11.11"]
[Round "2.3"]
[White "Subelj, Jan"]
[Black "Pazlar, Marko"]
[Result "1-0"]
[WhiteElo "2070"]
[BlackElo "2069"]
[PlyCount "103"]
[EventDate "2017.11.11"]
[WhiteTeam "SK KOMENDA"]
[BlackTeam "SD SIJ ACRONI JESENICE"]

1. e4 e6 2. d4 d5 3. e5 c5 4. c3 Nc6 5. Nf3 Bd7 6. a3 a5 7. Be2 Qb6 8. O-O Nh6
9. b3 Be7 10. Bb2 O-O 11. Nbd2 cxd4 12. cxd4 Nf5 13. Nb1 Rac8 14. Kh1 h5 15.
Bd3 g6 16. Bxf5 exf5 17. Nc3 Be6 18. Ne2 Na7 19. Nf4 Kg7 20. Ne1 a4 21. b4 Qa6
22. Nc2 Nb5 23. Ne3 Rfd8 24. Qd2 Bg5 25. Nxe6+ Qxe6 26. f4 Be7 27. Rfc1 Nc7 28.
Rc2 Na8 29. Rac1 Nb6 30. Qe2 Rxc2 31. Rxc2 Rc8 32. Kg1 Kf8 33. Kf1 Nc4 34. Rxc4
dxc4 35. d5 Qa6 36. Bc3 b5 37. d6 Bd8 38. Nd5 Qc6 39. Qd2 Bb6 40. Ne7 Qd7 41.
Nxc8 Qxc8 42. d7 Qb8 43. Qd5 Ke7 44. Qxb5 Qc7 45. Qxa4 Be3 46. Qd1 Bxf4 47. g3
Be3 48. e6 Bb6 49. exf7 Kxf7 50. Qd5+ Ke7 51. a4 Qxd7 52. Bf6+ 1-0

[Event "III. CLANSKA LIGA ZAHOD 2017"]
[Site "Komenda"]
[Date "2017.11.11"]
[Round "2.4"]
[White "Pavlin, Ivan"]
[Black "Lucovnik, Tilen"]
[Result "0-1"]
[WhiteElo "1833"]
[BlackElo "2081"]
[PlyCount "56"]
[EventDate "2017.11.11"]
[WhiteTeam "SD SIJ ACRONI JESENICE"]
[BlackTeam "SK KOMENDA"]

1. Nf3 d5 2. d4 Nf6 3. b3 Bf5 4. Bb2 e6 5. Nh4 Bg4 6. h3 Bh5 7. g4 Ne4 8. Ng2
Bg6 9. f3 Ng3 10. Rg1 Bd6 11. e3 Nxf1 12. Kxf1 h5 13. c4 Qf6 14. c5 Bg3 15. f4
hxg4 16. hxg4 Na6 17. a3 Rh3 18. Nc3 O-O-O 19. Qe2 c6 20. b4 Rdh8 21. b5 Nb8
22. a4 Bh7 23. a5 a6 24. b6 g5 25. Qd2 gxf4 26. exf4 Bh2 27. Ne2 Rd3 28. Qe1
Rf3+ 0-1

[Event "III. CLANSKA LIGA ZAHOD 2017"]
[Site "Komenda"]
[Date "2017.11.11"]
[Round "2.5"]
[White "Marn, Jan"]
[Black "Ravnik, Franc"]
[Result "1-0"]
[WhiteElo "2054"]
[BlackElo "1886"]
[PlyCount "63"]
[EventDate "2017.11.11"]
[WhiteTeam "SK KOMENDA"]
[BlackTeam "SD SIJ ACRONI JESENICE"]

1. d4 d5 2. c4 c6 3. cxd5 cxd5 4. Nc3 Nf6 5. Bf4 g6 6. e3 a6 7. Bd3 Bg7 8. h3
O-O 9. Nf3 Nc6 10. O-O e6 11. Rc1 Nd7 12. Na4 f6 13. Bb1 g5 14. Bh2 h6 15. Rxc6
bxc6 16. Qc2 Rf7 17. Qh7+ Kf8 18. Bd6+ Re7 19. Rc1 Bb7 20. Nc5 Nxc5 21. dxc5
Bc8 22. Nd4 Bd7 23. f4 f5 24. fxg5 hxg5 25. Rf1 Kf7 26. g4 Qh8 27. gxf5 Qxh7
28. fxe6+ Ke8 29. exd7+ Kxd7 30. Bxh7 Bxd4 31. Bf5+ Ke8 32. exd4 1-0

[Event "III. CLANSKA LIGA ZAHOD 2017"]
[Site "Komenda"]
[Date "2017.11.11"]
[Round "2.6"]
[White "Halilov, Esad"]
[Black "Leonardi, Caterina"]
[Result "0-1"]
[WhiteElo "1854"]
[BlackElo "2007"]
[PlyCount "82"]
[EventDate "2017.11.11"]
[WhiteTeam "SD SIJ ACRONI JESENICE"]
[BlackTeam "SK KOMENDA"]

1. e4 g6 2. Nf3 Bg7 3. d4 d6 4. h3 Nf6 5. Bd3 O-O 6. Be3 b6 7. Nbd2 Bb7 8. c3
c5 9. Qe2 Nc6 10. O-O cxd4 11. Nxd4 Ne5 12. Bc2 Ned7 13. f3 d5 14. Bg5 h6 15.
Bh4 Qc8 16. Qe3 e5 17. Nb5 d4 18. Qe2 Qc5 19. Bd3 Nh5 20. Nb3 Qc6 21. cxd4 Nf4
22. Qd2 Nxd3 23. Qxd3 Ba6 24. a4 exd4 25. Rac1 Bxb5 26. axb5 Qd6 27. f4 Nc5 28.
Nxc5 bxc5 29. Rc4 Rfc8 30. Be1 Qb6 31. Ra4 Rab8 32. f5 g5 33. f6 Bf8 34. Qf3 c4
35. Kh1 Qxb5 36. Rxa7 c3 37. bxc3 dxc3 38. Bg3 c2 39. Bxb8 c1=Q 40. Rxc1 Rxc1+
41. Kh2 Qxb8+ 0-1